000 00714nam a2200289Ia 4500
005 20260324124821.0
008 008 260324s9999 xx 000 0 eng d
020 _a9781315631486
037 _aEBOOK
040 _aCRL
040 _beng
040 _cCRL
041 _2eng
041 _aeng
084 _qCRL
100 _aJames N. Rosenau; Peter H. Koehn
_91175600
245 0 _aTransnational Competence
245 0 _bEmpowering Curriculums for Horizon-rising Challenges
260 _bTaylor and Francis
260 _c2010
365 _a
365 _b255
856 _uhttp://www.taylorfrancis.com/books/9781315631486
942 _cEBOOK
999 _c1770335
_d1770335